Online katalóg knižníc regiónu Turca

Rozprávky o zvieratkách (Record no. 21682)

MARC details
000 -LEADER
fixed length control field 01860cam a2200529 a 4500
001 - CONTROL NUMBER
control field 21682
003 - CONTROL NUMBER IDENTIFIER
control field VRT
005 - DATE AND TIME OF LATEST TRANSACTION
control field 20260309091255.0
008 - FIXED-LENGTH DATA ELEMENTS--GENERAL INFORMATION
fixed length control field 240318s2014 xo a b 000 1 slo
015 ## - NATIONAL BIBLIOGRAPHY NUMBER
National bibliography number SNBA2014/10
020 ## - INTERNATIONAL STANDARD BOOK NUMBER
International Standard Book Number 9788089590667
Qualifying information (viaz.)
035 ## - SYSTEM CONTROL NUMBER
System control number 40E62FD6-9802-4D27-8A6D-25625D7E7C2E
035 ## - SYSTEM CONTROL NUMBER
System control number urn:nbn:sk:snk-amkc62
035 ## - SYSTEM CONTROL NUMBER
System control number urn:nbn:sk:snk-am003wg0
039 #9 - LEVEL OF BIBLIOGRAPHIC CONTROL AND CODING DETAIL [OBSOLETE]
Level of rules in bibliographic description 202403181811
Level of effort used to assign nonsubject heading access points VLOAD
Level of effort used to assign subject headings 201812121408
Level of effort used to assign classification mtotk19
Level of effort used to assign subject headings 201706270932
Level of effort used to assign classification AUTHORITY
Level of effort used to assign subject headings 201611161117
Level of effort used to assign classification mkpoh03
040 ## - CATALOGING SOURCE
Original cataloging agency ZKSE
Language of cataloging slo
Transcribing agency ZKSE
Modifying agency SVKBB
-- SNK
Description conventions AACR2
041 1# - LANGUAGE CODE
Language code of text/sound track or separate title slo
Language code of original [fre]
044 ## - COUNTRY OF PUBLISHING/PRODUCING ENTITY CODE
MARC country code xo
ISO country code SK
072 #7 - SUBJECT CATEGORY CODE
Subject category code 821-93
Subject category code subdivision Literatúra pre deti a mládež (beletria)
Source konspekt
080 ## - UNIVERSAL DECIMAL CLASSIFICATION NUMBER
Universal Decimal Classification number 592/599
Edition identifier 2001
080 ## - UNIVERSAL DECIMAL CLASSIFICATION NUMBER
Universal Decimal Classification number 821-34
Edition identifier 2001
080 ## - UNIVERSAL DECIMAL CLASSIFICATION NUMBER
Universal Decimal Classification number 821-93
Edition identifier 2001
080 ## - UNIVERSAL DECIMAL CLASSIFICATION NUMBER
Universal Decimal Classification number (0:82-34)
Edition identifier 2001
100 1# - MAIN ENTRY--PERSONAL NAME
Personal name La Fontaine, Jean de,
Dates associated with a name 1621-1695
Relationship aut
245 10 - TITLE STATEMENT
Title Rozprávky o zvieratkách
Remainder of title svrček a mravec a ďalšie rozprávky
Statement of responsibility, etc. [rozprávky La Fontaina a Ezopa prepracovala Eva Pádár; preklad Monika Srnková]
246 30 - VARYING FORM OF TITLE
Title proper/short title Svrček a mravec a ďalšie rozprávky
260 ## - PUBLICATION, DISTRIBUTION, ETC.
Place of publication, distribution, etc. Nové Zámky
Name of publisher, distributor, etc. Ex book
Date of publication, distribution, etc. 2014
300 ## - PHYSICAL DESCRIPTION
Extent 63 s.
Other physical details fareb. ilustr.
Dimensions 22 cm
650 07 - SUBJECT ADDED ENTRY--TOPICAL TERM
Topical term or geographic name entry element zvieratá
Source of heading or term SNKPH
650 07 - SUBJECT ADDED ENTRY--TOPICAL TERM
Topical term or geographic name entry element Animals
Source of heading or term SNKPH
655 #7 - INDEX TERM--GENRE/FORM
Genre/form data or focus term rozprávky
Source of term SNKPH
655 #7 - INDEX TERM--GENRE/FORM
Genre/form data or focus term Fairy tales
Source of term SNKPHeng
700 1# - ADDED ENTRY--PERSONAL NAME
Personal name Pádár, Éva
Relationship aut
700 1# - ADDED ENTRY--PERSONAL NAME
Personal name Ezop,
Dates associated with a name 6. stor. pred Kr.
Relationship aut
700 1# - ADDED ENTRY--PERSONAL NAME
Personal name Srnková, Monika
Relationship trl
910 ## - USER-OPTION DATA (OCLC)
User-option data sezk
910 ## - USER-OPTION DATA (OCLC)
User-option data svkbb
910 ## - USER-OPTION DATA (OCLC)
User-option data snk
910 ## - USER-OPTION DATA (OCLC)
User-option data pokpoh
910 ## - USER-OPTION DATA (OCLC)
User-option data totk
942 ## - ADDED ENTRY ELEMENTS (KOHA)
Source of classification or shelving scheme Dewey Decimal Classification
Koha item type Krásna literatúra pre deti
Suppress in OPAC No
949 ## - LOCAL PROCESSING INFORMATION (OCLC)
6 17A1117174
a snkSC 161168
b snk2014/21014
o 1930/14
s 6100:20140925
949 ## - LOCAL PROCESSING INFORMATION (OCLC)
6 17A1117175
a snkSC 161168 D1
b snk2014/21015
o 1930/14
949 ## - LOCAL PROCESSING INFORMATION (OCLC)
6 2889216021
a savukPV 19620
b savuk2014/3657
949 ## - LOCAL PROCESSING INFORMATION (OCLC)
6 270001000455933
a svkbbA 142539
b svkbbm 747485
Holdings
Stav vyradenia Strata Poškodenie Spôsob nadobudnutia Domovská knižnica Aktuálna knižnica Dátum nadobudnutia Total checkouts Čiarový kód exemplára Date last seen Typ exemplára
      Dar Obecná knižnica Turčianska Štiavnička Obecná knižnica Turčianska Štiavnička 09.03.2026   4738000267 09.03.2026 Krásna literatúra pre deti
Projekt je podporený Slovenskou asociáciou knižníc
Prevádzkuje Turčianska knižnica Martin 2026